000 00475nam a2200181Ia 4500
005 20250326125751.0
008 250326s9999 xx 000 0 und d
037 _aTextbook
040 _aFMSL
_beng
_cFMSL
041 _aeng
_2eng
084 _aX:51.1 N7
_qFMSL
100 _aCarson D
_9738764
245 0 _aInternational marketing
_cCarson D
260 _aNY
_bNY, John Wiley
_c1967
300 _a539p
942 _cTB
_hX:51.1 N7
999 _c1279475
_d1279475